ARRUPE JESUIT UNIVERSITY

CORONAVIRUS -STOP THE SPREAD - CLEAN,DISINFECT,COVER

Nursing assessment (Record no. 130489)

MARC details
000 -LEADER
fixed length control field 00509nam a22001457a 4500
008 - FIXED-LENGTH DATA ELEMENTS--GENERAL INFORMATION
fixed length control field 201015b ||||| |||| 00| 0 eng d
050 ## - LIBRARY OF CONGRESS CALL NUMBER
Classification number RT48.N875 1985
100 ## - MAIN ENTRY--PERSONAL NAME
Personal name Bellack, Janis P. and Bamford, Penny A.
9 (RLIN) 49828
245 ## - TITLE STATEMENT
Title Nursing assessment
Remainder of title a multidimensional approach
Statement of responsibility, etc Janis P. Bellack and Penny A. Bamford
260 ## - PUBLICATION, DISTRIBUTION, ETC. (IMPRINT)
Place of publication, distribution, etc California
Name of publisher, distributor, etc Wadsworth Health Sciences Division
Date of publication, distribution, etc 1984
300 ## - PHYSICAL DESCRIPTION
Extent xxiii, 582p. ;
Dimensions 25cm.
650 ## - SUBJECT ADDED ENTRY--TOPICAL TERM
Topical term or geographic name as entry element Diagnosis
9 (RLIN) 49829
650 ## - SUBJECT ADDED ENTRY--TOPICAL TERM
Topical term or geographic name as entry element Nursing
9 (RLIN) 49830
942 ## - ADDED ENTRY ELEMENTS (KOHA)
Source of classification or shelving scheme Library of Congress Classification
Item type Monograph ( Printed materials)
Holdings
Withdrawn status Lost status Source of classification or shelving scheme Damaged status Not for loan Collection code Home library Current library Shelving location Date acquired Total Checkouts Full call number Barcode Date last seen Price effective from Koha item type
    Library of Congress Classification     Main Collection ARRUPE LIBRARY ARRUPE LIBRARY Main Collection 15/10/2020   RT48.N875 1985 46600008396 15/10/2020 15/10/2020 Monograph ( Printed materials)

 

Arrupe Library. PO Box MP320 Mt Pleasant, Harare, Zimbabwe
263 242 745411|librarian@aju.ac.zw